Представление документа в формате RUSMARC

ПолеНазваниеЗначение
  Тип записи a
  Библиографический уровень m
001 Контрольный номер RU/IS/BASE/424182419
005 Дата корректировки 20240206101304.6
010 Индекс ISBN __
a ISBN 978-5-904984-25-0 (в пер.)
d Цена 309-21
100 Данные общей обработки __
a Данные общей обработки 19170921d2011||||||| 0rusy0189 ca
101 Язык документа 1_
a Язык текста rus
c Язык оригинала gre
102 Страна публикации __
a Страна публикации ru|
105 Кодированные данные (монография) __
a Кодированные данные (монография) a|||||||000zy
200 Заглавие и сведения об ответственности 1_
a Заглавие Анна и подарок Луны
e Сведения, относящиеся к заглавию [для среднего школьного возраста]
f Первые сведения об ответственности Иона Даколиа ; иллюстрации Эфи Лада ; перевод с греческого К. В. Рзянина
b Общее обозначение материала Текст
210 Выходные данные 1_
a Место издания Санкт-Петербург
c Издательство Поляндрия
d Дата издания 2011
215 Физическое описание __
a Объем [22] с.
c Иллюстрации/тип воспроизводства цв. ил.
d Формат 30 см
300 Общие примечания __
a Общие примечания 3000 экз.
330 Аннотация __
a Аннотация Анна мечтает о путешествиях, но она очень любит свой чудесный дом и не может расстаться с ним. Что же ей делать? Однажды ночью Луна преподнесла Анне клетку без дверцы, внутри которой была прекрасная птица. Этот удивительный и странный подарок поможет девочке понять, как следует поступать с тем, что любишь и ценишь.
333 Примечание о целевом назначении __
a Примечание о целевом назначении 12+. Для детей старше 12 лет
606 Тематические рубрики __
a Основная рубрика Художественная литература
606 Тематические рубрики __
a Основная рубрика Литература Европы (произведения)
y Географическая подрубрика Греция
610 Ключевые слова 0_
a Ключевые слова греческая литература
a Ключевые слова детская литература
a Ключевые слова зарубежная литература
a Ключевые слова иностранная литература
a Ключевые слова тема любви
a Ключевые слова тема любви к жизни
a Ключевые слова тема радости
686 Индексы других классификаций __
2 Код системы rubbks
a Классификационный индекс ст84(4Гре)-4
700 Автор _1
a Фамилия Даколиа
b Имя И.
g Полное личное имя Иоана
4 Код отношения 070
702 Вторичная интеллектуальная ответственность _1
a Фамилия Лада
b Имя Э.
4 Код отношения Иллюстратор
4 Код отношения 440
702 Вторичная интеллектуальная ответственность _1
a Фамилия Рзянин
b Имя К. В.
4 Код отношения Переводчик
4 Код отношения 730
801 Источник записи _0
a Страна ru
b Организация Муниципальное бюджетное учреждение культуры "Централизованная библиотечная система" г. Сургут (Центральная городская библиотека им. А. С. Пушкина)
c Дата составления 20170921
g Правила каталогизации RCR
801 Источник записи _1
a Страна ru
b Организация Муниципальное бюджетное учреждение культуры "Централизованная библиотечная система" г. Сургут (Центральная городская библиотека им. А. С. Пушкина)
c Дата составления 20170921
g Правила каталогизации RCR
852 Данные о местонахождении __
j Шифр хранения ст84(4Гре)-4
i Авторский знак Д 14
901 Тип документа __
t Тип документа m
a Ответственный КиК/Апакова; ООФиК/Зворыгина
903 Характеристики (МАРС) __
a Дата передачи 20170921; 20130610
969 Тип издания __
a Тип издания издание для детей; брошюра
990 Данные о заказе (DOS) __
j Количество экземпляров (DOS) 12
t N записи в КСУ для И/У (DOS) 201306